| 000 | 01079nam a2200301 i 4500 | ||
|---|---|---|---|
| 001 | 27409 | ||
| 003 | BD-RjUL | ||
| 005 | 20211209051142.0 | ||
| 008 | 140325s1978 nyu b 001 0 eng | ||
| 020 | _a0379005271 : | ||
| 035 | _a(BD-RjUL)27482 | ||
| 040 |
_aDLC _cDLC _dDLC _dBD-RjUL _beng |
||
| 041 | _aeng | ||
| 082 | 0 | 0 |
_a973.04927 _bARA 1978 |
| 245 | 1 | 4 |
_aThe Arabs in America, 1492-1977 : _ba chronology & fact book / _ccompiled and edited by Beverlee Turner Mehdi. |
| 260 |
_aDobbs Ferry, N.Y. : _bOceana Publications, _cc1978. |
||
| 300 |
_aix, 150 p. ; _c24 cm. |
||
| 504 | _aBibliography: p. 143-146. and index. | ||
| 520 | _aA history of Arabs in the United States with illustrative documents, appendices, and bibliography. | ||
| 650 | 0 |
_aArab Americans _xHistory _xChronology. _984202 |
|
| 650 | 0 |
_aArab Americans _xHistory _xSources. _984203 |
|
| 650 | 1 |
_aArab Americans _xHistory. _984204 |
|
| 700 | 1 |
_aMehdi, Beverlee Turner, _984205 |
|
| 942 |
_2ddc _cBK |
||
| 999 |
_c27409 _d27409 |
||